Estudio relativo a los recursos de que la industria nacional dispone para las construcciones y armamentos navales / (Record no. 23205)

MARC details
000 -LEADER
campo de control de longitud fija 00607nam a2200169 i 4500
001 - NÚMERO DE CONTROL
campo de control 23205
003 - IDENTIFICADOR DE NÚMERO DE CONTROL
campo de control ES-MaACL
005 - FECHA Y HORA DE LA ÚLTIMA TRANSACCIÓN
campo de control 20230906152831.0
007 - CAMPO FIJO DE DESCRIPCIÓN FÍSICA--INFORMACIÓN GENERAL
campo de control de longitud fija t|
008 - DATOS DE LONGITUD FIJA--INFORMACIÓN GENERAL
campo de control de longitud fija 021209s1886 sp ||||1| spa d
100 1# - ENTRADA PRINCIPAL--NOMBRE DE PERSONA
Nombre de persona Alzola y Minondo, Benito.
9 (RLIN) 21063
245 10 - MENCIÓN DEL TÍTULO
Título Estudio relativo a los recursos de que la industria nacional dispone para las construcciones y armamentos navales /
Mención de responsabilidad, etc. Benito Alzola y Minondo.
260 ## - PUBLICACIÓN, DISTRIBUCIÓN, ETC.
Lugar de publicación, distribución, etc. Madrid :
Nombre del editor, distribuidor, etc. [s.n.,
Fecha de publicación, distribución, etc. 1886] (
Fabricante Imp. Infantería de Marina)
300 ## - DESCRIPCIÓN FÍSICA
Extensión XX, 420 p. ;
Dimensiones 25 cm.
650 #4 - PUNTO DE ACCESO ADICIONAL DE MATERIA--TÉRMINO DE MATERIA
Término de materia o nombre geográfico como elemento de entrada Construcción naval-
Subdivisión geográfica España-
Subdivisión cronológica S.XIX.
9 (RLIN) 153538
852 ## - LOCALIZACIÓN
Ubicación ES-MaACL
Número de control de estantería F-12032
Holdings
Estatus retirado Estado de pérdida Estado de daño No para préstamo Colección Biblioteca de origen Biblioteca actual Ubicación en estantería Fecha de adquisición Fuente de adquisición Total de préstamos Signatura topográfica completa Código de barras Visto por última vez Precio de reemplazo Tipo de ítem Koha
        Libros del s. XIX Biblioteca del Ateneo de Madrid Biblioteca del Ateneo de Madrid Sala Pecera Planta 2 17/01/2008     F-12032 1023906 23/02/2023 23/02/2023 Libro impreso antiguo